The making of cities /

Guardat en:
Dades bibliogràfiques
Autor principal: Bor, Walter
Format: Llibre
Idioma:English
Publicat: London : Leonard Hill, 1974.
Matèries:
LEADER 00864cam a2200253 a 4500
001 c000276096
003 CARM
005 20071113091651.0
008 830225s1974 at 000 0 eng d
019 1 |a 2501203  |z 40252029  |5 LACONCORD2021 
020 |a 0249441314 
035 |a (OCoLC)220018434  |5 LACONCORD2021 
040 |a VCAV  |b eng  |c VCAV  |d XNTU 
042 |a anuc 
100 1 |a Bor, Walter. 
245 1 4 |a The making of cities /  |c [by] Walter Bor. 
260 |a London :  |b Leonard Hill,  |c 1974. 
300 |a 256p. :  |b ill. 
504 |a Bibliography:p.245-247. 
650 0 |a City planning. 
650 0 |a Cities and towns  |x Growth. 
852 8 |b CARM  |h A1:AL24C0  |i C10496  |p 0398336  |f BK 
999 f f |i 0d48fa97-9d83-5e4b-a5e0-cea36c7d199b  |s bd3151ce-ea69-546e-b2bf-6f53f0256b6e 
952 f f |p Can circulate  |a CAVAL  |b CAVAL  |c CAVAL  |d CARM 1 Store  |e C10496  |f A1:AL24C0  |h Other scheme  |i book  |m 0398336